[Event "EUR-ch U14 w"]
[Site "Batumi GEO"]
[Date "2014.10.24"]
[Round "6"]
[White "Imnadze, Lika"]
[Black "Henderson de la Fuente, Andrea"]
[Result "0-1"]
[WhiteElo "1446"]
[BlackElo "1670"]
[PlyCount "64"]
[EventDate "2014.10.19"]
[EventType "swiss"]
[EventRounds "9"]
[EventCountry "CAN"]
[Source "Chessbase"]
[SourceDate "2015.02.06"]

1. e4 d6 2. d4 Nf6 3. Nc3 e5 4. dxe5 dxe5 5. Qxd8+ Kxd8 6. Bg5 Be7 7. O-O-O+
Nbd7 8. Nf3 Ng4 9. Bxe7+ Kxe7 10. Rd2 c6 11. h3 Nh6 12. Bc4 b5 13. Be2 f6 14.
Rhd1 Nf7 15. Nh4 Nc5 16. b4 Nb7 17. Bg4 Nbd6 18. Bxc8 Rhxc8 19. Nf5+ Nxf5 20.
Rd7+ Ke8 21. exf5 a5 22. bxa5 Rxa5 23. Rb7 Ra3 24. Kb2 Rca8 25. Ra1 Nd6 26.
Rxg7 Nc4+ 27. Kc1 Kf8 28. Rxh7 Kg8 29. Rc7 Rxc3 30. Rxc6 Kg7 31. h4 b4 32. Rc7+
Kh6 0-1

[Event "EUR-ch U14 w"]
[Site "Batumi GEO"]
[Date "2014.10.24"]
[Round "6"]
[White "Janiashvili, Mariami"]
[Black "Greibrokk, Ingrid"]
[Result "1-0"]
[WhiteElo "1679"]
[BlackElo "1797"]
[PlyCount "53"]
[EventDate "2014.10.19"]
[EventType "swiss"]
[EventRounds "9"]
[EventCountry "CAN"]
[Source "Chessbase"]
[SourceDate "2015.02.06"]

1. d4 Nf6 2. Nf3 e6 3. c4 Bb4+ 4. Nc3 O-O 5. Bg5 h6 6. Bh4 c5 7. e3 cxd4 8.
exd4 b6 9. Qc2 Bb7 10. Be2 d5 11. cxd5 Bxd5 12. O-O Bb7 13. Rfd1 Be7 14. Rac1
Nd5 15. Nxd5 Bxd5 16. Bxe7 Qxe7 17. Ne5 Qb7 18. Bf3 Bxf3 19. Nxf3 Na6 20. Qa4
Rac8 21. Rc3 Nc7 22. Qd7 Qb8 23. Rdc1 Rfd8 24. Rxc7 Rxd7 25. Rxc8+ Qxc8 26.
Rxc8+ Kh7 27. Kf1 1-0

[Event "EUR-ch U14 w"]
[Site "Batumi GEO"]
[Date "2014.10.24"]
[Round "6"]
[White "Kochukova, Anna"]
[Black "Sieber, Fiona"]
[Result "0-1"]
[WhiteElo "1904"]
[BlackElo "1955"]
[PlyCount "116"]
[EventDate "2014.10.19"]
[EventType "swiss"]
[EventRounds "9"]
[EventCountry "CAN"]
[Source "Chessbase"]
[SourceDate "2015.02.06"]

1. e4 c5 2. c3 d5 3. exd5 Nf6 4. d4 cxd4 5. cxd4 Nxd5 6. Nc3 Nc6 7. Bc4 Nb6 8.
Bb5 a6 9. Bxc6+ bxc6 10. h3 g6 11. Nf3 Bg7 12. O-O O-O 13. Be3 Qc7 14. Rc1 Rd8
15. Qe2 a5 16. Rfd1 Ba6 17. Qc2 Rac8 18. Ne4 Bc4 19. Nc5 Bd5 20. Qe2 Nd7 21. b3
Nf8 22. Ng5 Qb8 23. Rc2 Nd7 24. Nge4 Bxe4 25. Nxe4 Nf6 26. Nc5 Nd5 27. Qe1 Qa7
28. Rcd2 Qc7 29. Rc2 Qa7 30. Qe2 Rd6 31. Ne4 Rdd8 32. a3 Qb6 33. Qc4 Rc7 34.
Nc5 Rcc8 35. Rdc1 Rd6 36. Ne4 Rdd8 37. Qa4 Rb8 38. Nd2 e5 39. Rxc6 Qa7 40. Qc4
exd4 41. Bg5 Nb6 42. Qd3 Re8 43. Ne4 Nd5 44. Ra6 Qd7 45. Rxa5 Qf5 46. f3 Rxe4
47. Qxe4 Qxg5 48. Re1 Rd8 49. b4 Qg3 50. Re2 Nf4 51. Rd2 Nxh3+ 52. Kf1 Qh2 53.
Ra8 Qg1+ 54. Ke2 Nf4+ 55. Qxf4 Rxa8 56. Qe4 Rxa3 57. Rd3 Ra2+ 58. Rd2 Qxg2+ 0-1

[Event "EUR-ch U14 w"]
[Site "Batumi GEO"]
[Date "2014.10.24"]
[Round "6"]
[White "Lomandong, Noela Joyce"]
[Black "Sargsyan, Anna M"]
[Result "1-0"]
[WhiteElo "1852"]
[BlackElo "1705"]
[PlyCount "45"]
[EventDate "2014.10.19"]
[EventType "swiss"]
[EventRounds "9"]
[EventCountry "CAN"]
[Source "Chessbase"]
[SourceDate "2015.02.06"]

1. e4 c6 2. d4 d5 3. Nc3 dxe4 4. Nxe4 Nd7 5. Nf3 Ngf6 6. Ng3 e6 7. Bd3 c5 8. c3
cxd4 9. Nxd4 Be7 10. O-O O-O 11. Re1 a6 12. b3 Qc7 13. Bb2 Nc5 14. Be2 Rd8 15.
Qc2 b5 16. c4 bxc4 17. Bxc4 Bb7 18. Rac1 Rac8 19. Qe2 Qb6 20. Ndf5 exf5 21.
Qxe7 Rd7 22. Qe3 Ng4 23. Qe8+ 1-0

[Event "EUR-ch U14 w"]
[Site "Batumi GEO"]
[Date "2014.10.24"]
[Round "6"]
[White "Misiuk, Karolina"]
[Black "Milovanova, Maria"]
[Result "0-1"]
[WhiteElo "1480"]
[BlackElo "1965"]
[PlyCount "42"]
[EventDate "2014.10.19"]
[EventType "swiss"]
[EventRounds "9"]
[EventCountry "CAN"]
[Source "Chessbase"]
[SourceDate "2015.02.06"]

1. d4 Nf6 2. c4 e6 3. Nf3 d5 4. Nc3 Bb4 5. Bg5 h6 6. Bh4 g5 7. Bg3 Ne4 8. Qc2
c5 9. Nd2 Nc6 10. Ndxe4 dxe4 11. dxc5 Qa5 12. a3 Nd4 13. Qd2 Nb3 14. axb4 Qxa1+
15. Qd1 Qxb2 16. Nb5 O-O 17. e3 a6 18. Nd6 a5 19. Be2 Qc3+ 20. Kf1 Nd2+ 21. Kg1
axb4 0-1

[Event "EUR-ch U14 w"]
[Site "Batumi GEO"]
[Date "2014.10.24"]
[Round "6"]
[White "Mocanu, Valeria"]
[Black "Feofilova, Elizaveta"]
[Result "1/2-1/2"]
[WhiteElo "1596"]
[BlackElo "1813"]
[PlyCount "100"]
[EventDate "2014.10.19"]
[EventType "swiss"]
[EventRounds "9"]
[EventCountry "CAN"]
[Source "Chessbase"]
[SourceDate "2015.02.06"]

1. e4 c5 2. Nf3 d6 3. d4 cxd4 4. Nxd4 Nf6 5. f3 g6 6. c4 Bg7 7. Be3 Nc6 8. Nc3
Qa5 9. Qd2 a6 10. Be2 Bd7 11. O-O O-O 12. Rac1 Nxd4 13. Bxd4 Rfc8 14. b3 Nh5
15. Bxg7 Nxg7 16. Qe3 Qe5 17. f4 Qc5 18. Qxc5 Rxc5 19. Nd5 Kf8 20. Kf2 Rc6 21.
Rc3 Be6 22. Rfc1 Rac8 23. g4 Bxd5 24. exd5 R6c7 25. Rh3 Kg8 26. Rcc3 f5 27. g5
e6 28. dxe6 Nxe6 29. Rhf3 Re7 30. Bd3 Rce8 31. Bb1 Kf8 32. Rcd3 Nc5 33. Rde3
Ne4+ 34. Bxe4 Rxe4 35. h3 Kf7 36. h4 R8e6 37. Ke2 Rd4 38. Rxe6 Kxe6 39. Re3+
Kd7 40. Rf3 Re4+ 41. Kd3 Re1 42. Rh3 Rg1 43. Rh2 Kc6 44. h5 Kc5 45. hxg6 hxg6
46. Rh7 Rd1+ 47. Ke3 b5 48. cxb5 axb5 49. Rg7 Re1+ 50. Kd3 Re6 1/2-1/2

[Event "EUR-ch U14 w"]
[Site "Batumi GEO"]
[Date "2014.10.24"]
[Round "6"]
[White "Mustafazada, Nigar"]
[Black "Tishova, Svetlana"]
[Result "0-1"]
[WhiteElo "1744"]
[BlackElo "2035"]
[PlyCount "129"]
[EventDate "2014.10.19"]
[EventType "swiss"]
[EventRounds "9"]
[EventCountry "CAN"]
[Source "Chessbase"]
[SourceDate "2015.02.06"]

1. e4 c5 2. c4 e6 3. Nc3 Nc6 4. g3 g6 5. Bg2 Bg7 6. Nge2 Nge7 7. O-O O-O 8. d3
d6 9. Rb1 b6 10. Be3 Bb7 11. d4 cxd4 12. Nxd4 Na5 13. b3 d5 14. cxd5 exd5 15.
exd5 Nxd5 16. Nxd5 Bxd5 17. Nb5 Bxg2 18. Kxg2 Nc6 19. Qe2 Qd5+ 20. Kg1 Ne5 21.
f4 Qd3 22. Qxd3 Nxd3 23. a3 Nc5 24. Rfc1 Rfd8 25. b4 Ne6 26. Rd1 a6 27. Nd6 b5
28. Bb6 Rd7 29. Ne4 Rxd1+ 30. Rxd1 Re8 31. Be3 Bb2 32. Bc1 Bd4+ 33. Kg2 Rc8 34.
Nd2 Rc2 35. Kh3 f5 36. Nb3 Bf6 37. Rd2 Rxd2 38. Bxd2 Kf7 39. Kg2 Ke7 40. Kf2
Kd6 41. Ke3 Nc7 42. Kd3 Kd5 43. Be3 Kc6 44. Bd4 Be7 45. Be5 Ne6 46. Bc3 Bd8 47.
Nd4+ Nxd4 48. Bxd4 Kd5 49. Bc3 Bb6 50. h3 h5 51. Bf6 Bf2 52. h4 Bxg3 53. Bg5
Bf2 54. Bf6 Bb6 55. Bc3 Bd8 56. Be1 Bf6 57. Bg3 Bb2 58. Kc2 Bxa3 59. Kb3 Bc1
60. Kc2 Be3 61. Kd3 Bb6 62. Be1 Bc7 63. Bd2 Bd6 64. Be1 Bxf4 65. Bf2 0-1

[Event "EUR-ch U14 w"]
[Site "Batumi GEO"]
[Date "2014.10.24"]
[Round "6"]
[White "Nazarova, Anastasia"]
[Black "Coman, Emilia Florentina"]
[Result "1-0"]
[WhiteElo "1932"]
[BlackElo "1636"]
[PlyCount "145"]
[EventDate "2014.10.19"]
[EventType "swiss"]
[EventRounds "9"]
[EventCountry "CAN"]
[Source "Chessbase"]
[SourceDate "2015.02.06"]

1. e4 c5 2. Nf3 a6 3. c4 Nc6 4. Nc3 e5 5. g3 g6 6. Bg2 d6 7. d3 Bg7 8. O-O Nge7
9. Ne1 O-O 10. f4 f5 11. Nd5 Rb8 12. Rb1 b5 13. b3 Nxd5 14. exd5 Nd4 15. Bd2
Re8 16. Nc2 exf4 17. gxf4 Qh4 18. Nxd4 Bxd4+ 19. Kh1 Bf2 20. Qf3 Bd4 21. Rbe1
Bd7 22. Qg3 Qxg3 23. hxg3 Kf7 24. Kh2 b4 25. Bf3 a5 26. Rxe8 Rxe8 27. Re1 Ra8
28. Re2 a4 29. Be3 Bc3 30. Rg2 Re8 31. Re2 axb3 32. axb3 Ba4 33. bxa4 b3 34.
Bc1 Ra8 35. Bb2 Bb4 36. Rg2 Rxa4 37. Bd1 Ra7 38. Bxb3 Re7 39. d4 Re3 40. Ba2
Re4 41. dxc5 Bxc5 42. Bb3 h6 43. Bc1 Kf6 44. Rc2 g5 45. fxg5+ hxg5 46. Kg2 Re1
47. Bb2+ Kg6 48. Bc3 Re3 49. Ba4 f4 50. gxf4 gxf4 51. Kf1 f3 52. Bd2 Ra3 53.
Bd7 f2 54. Rc3 Ra1+ 55. Rc1 Ra7 56. Bh3 Rf7 57. Ke2 Re7+ 58. Be6 Kf6 59. Be3
Bxe3 60. Kxe3 Rc7 61. Kxf2 Ke5 62. Ke3 Ra7 63. Rc3 Ra5 64. Bg4 Rc5 65. Be2 Ra5
66. Rb3 Ra4 67. Rb7 Ra3+ 68. Bd3 Kf6 69. Rd7 Ra6 70. c5 Ra5 71. c6 Rxd5 72. c7
Rc5 73. Ba6 1-0

[Event "EUR-ch U14 w"]
[Site "Batumi GEO"]
[Date "2014.10.24"]
[Round "6"]
[White "Nilssen, Ellen Fredericia"]
[Black "Jibuti, Nata"]
[Result "1/2-1/2"]
[WhiteElo "1709"]
[BlackElo "1634"]
[PlyCount "109"]
[EventDate "2014.10.19"]
[EventType "swiss"]
[EventRounds "9"]
[EventCountry "CAN"]
[Source "Chessbase"]
[SourceDate "2015.02.06"]

1. Nf3 Nf6 2. b3 e6 3. Bb2 b6 4. e3 Bb7 5. Be2 d5 6. d3 Bd6 7. Nbd2 O-O 8. O-O
Nbd7 9. c4 c5 10. Qc2 Rc8 11. Rac1 Re8 12. Rfd1 e5 13. cxd5 Nxd5 14. a3 Bb8 15.
Qb1 Kh8 16. Qa1 f6 17. Bf1 Qe7 18. Be2 Nf8 19. Nh4 Qd7 20. h3 Qc7 21. Nf1 a5
22. Bg4 Rcd8 23. Nf5 g6 24. N5g3 h5 25. Bf3 h4 26. Ne4 Qg7 27. Ned2 Ne6 28. Nc4
Ng5 29. Be2 Ba8 30. Nh2 Qb7 31. Bf1 Nc3 32. Bxc3 Nxh3+ 33. Kh1 Nxf2+ 34. Kg1
Nxd1 35. Rxd1 h3 36. Qb2 hxg2 37. Bxg2 Qxg2+ 38. Qxg2 Bxg2 39. Kxg2 Re6 40. a4
Kg7 41. Ng4 g5 42. Nxb6 Rxb6 43. Bxa5 Rdd6 44. Bxb6 Rxb6 45. Rb1 f5 46. Nf2 Kf6
47. e4 Rb4 48. Kf3 Ba7 49. Rb2 fxe4+ 50. Nxe4+ Kf5 51. Nd6+ Kg6 52. Ne4 Kf5 53.
Nd6+ Kg6 54. Ne4 Kf5 55. Ke3 1/2-1/2

[Event "EUR-ch U14 w"]
[Site "Batumi GEO"]
[Date "2014.10.24"]
[Round "6"]
[White "Obolentseva, Alexandra"]
[Black "Louka, Magdalini"]
[Result "1-0"]
[WhiteElo "2126"]
[BlackElo "1689"]
[PlyCount "91"]
[EventDate "2014.10.19"]
[EventType "swiss"]
[EventRounds "9"]
[EventCountry "CAN"]
[Source "Chessbase"]
[SourceDate "2015.02.06"]

1. d4 d5 2. c4 c6 3. Nf3 Nf6 4. Nc3 e6 5. Bg5 h6 6. Bxf6 Qxf6 7. e3 Nd7 8. Bd3
dxc4 9. Bxc4 b5 10. Bd3 g6 11. O-O Bg7 12. Be4 Bb7 13. Nxb5 O-O 14. Nc3 Rab8
15. Qa4 Qe7 16. Rab1 c5 17. Qxa7 Bxe4 18. Nxe4 cxd4 19. Nxd4 Ra8 20. Qc7 Rfc8
21. Qd6 Qe8 22. a3 Ne5 23. Qb4 Rab8 24. Qd2 Nc4 25. Qe2 Qe7 26. Rfc1 Nd6 27.
Rxc8+ Rxc8 28. Qa6 Nb7 29. b4 Qc7 30. h3 Kh7 31. Qd3 Be5 32. Nb3 Rd8 33. Qe2
Rb8 34. Rc1 Qd7 35. Nbc5 Nxc5 36. Rxc5 Bg7 37. Qc2 Ra8 38. Rc7 Qe8 39. Nd6 Qf8
40. Qc6 Kg8 41. Rxf7 Qd8 42. Qb7 Be5 43. Rh7 Qf8 44. Rxh6 Qxh6 45. Qxa8+ Kh7
46. Qb7+ 1-0

[Event "EUR-ch U14 w"]
[Site "Batumi GEO"]
[Date "2014.10.24"]
[Round "6"]
[White "Shafigullina, Zarina"]
[Black "Korchagina, Alena"]
[Result "0-1"]
[WhiteElo "1774"]
[BlackElo "1894"]
[PlyCount "186"]
[EventDate "2014.10.19"]
[EventType "swiss"]
[EventRounds "9"]
[EventCountry "CAN"]
[Source "Chessbase"]
[SourceDate "2015.02.06"]

1. Nf3 Nf6 2. g3 d5 3. Bg2 c6 4. d4 Bf5 5. O-O e6 6. c4 h6 7. Nc3 Nbd7 8. Qb3
Qb6 9. c5 Qxb3 10. axb3 Be7 11. b4 O-O 12. b5 cxb5 13. Nxb5 a6 14. Nc3 Ne4 15.
Nxe4 Bxe4 16. b4 Bf6 17. e3 Bd3 18. Rd1 Be2 19. Rd2 Bb5 20. Bf1 Bxf1 21. Kxf1
Rac8 22. Ba3 Rfd8 23. Rb1 Be7 24. Rc2 Nf6 25. Ne5 Nd7 26. Nf3 f6 27. Nd2 e5 28.
Bb2 Kf7 29. Ba1 exd4 30. exd4 f5 31. Bb2 g5 32. Ra1 g4 33. f3 Bg5 34. Kg2 Re8
35. f4 Bf6 36. Nb3 Nb8 37. Nc1 Nc6 38. Nd3 Nxd4 39. Rf2 Nf3 40. Rd1 Re3 41.
Ne5+ Bxe5 42. Bxe5 Ke6 43. Bg7 Rc7 44. Ba1 h5 45. h4 gxh3+ 46. Kxh3 h4 47. Kg2
h3+ 48. Kh1 Rd7 49. Bb2 d4 50. Bc1 Rb3 51. Rdf1 Rxb4 52. Rxf3 Rc4 53. Rd3 Rxc5
54. Rfd1 a5 55. Bb2 Rb5 56. Bxd4 Rbd5 57. Re1+ Kf7 58. Re5 Rxe5 59. fxe5 a4 60.
Rd2 b5 61. Bc3 Rc7 62. Bb4 Rc1+ 63. Kh2 Rb1 64. Rd4 Rb3 65. Kxh3 Ke6 66. Kg2
Kxe5 67. Rh4 Kd5 68. Rf4 Ke5 69. Rh4 a3 70. Bxa3 Rxa3 71. Rb4 Ra5 72. Kf2 Kd5
73. Rf4 Ke5 74. Rb4 Kd5 75. Rf4 Ra4 76. Rxf5+ Kc4 77. Ke2 b4 78. Kd2 Kb3 79.
Rf1 Ra2+ 80. Kd3 Ka3 81. Rb1 b3 82. Kc3 Rc2+ 83. Kd3 Ka2 84. Rf1 Rc8 85. Rf2+
b2 86. Rxb2+ Kxb2 87. Ke4 Kc3 88. g4 Kc4 89. g5 Rc5 90. Kf4 Kd5 91. Kf5 Rc1 92.
g6 Rf1+ 93. Kg5 Ke6 0-1

[Event "EUR-ch U14 w"]
[Site "Batumi GEO"]
[Date "2014.10.24"]
[Round "6"]
[White "Shuvalova, Polina"]
[Black "Avramidou, Anastasia"]
[Result "1/2-1/2"]
[WhiteElo "2142"]
[BlackElo "2120"]
[PlyCount "84"]
[EventDate "2014.10.19"]
[EventType "swiss"]
[EventRounds "9"]
[EventCountry "CAN"]
[Source "Chessbase"]
[SourceDate "2015.02.06"]

1. e4 e6 2. d4 d5 3. Nd2 Nf6 4. e5 Nfd7 5. f4 c5 6. c3 Nc6 7. Ndf3 Qb6 8. g3
Be7 9. Kf2 cxd4 10. cxd4 g5 11. fxg5 Ncxe5 12. Nxe5 Nxe5 13. Kg2 Nc6 14. Nf3
Bd7 15. Be2 h6 16. Rf1 hxg5 17. Nxg5 Qxd4 18. Nxf7 Rh7 19. Ng5 Qxd1 20. Rxd1
Rg7 21. Bh5+ Kd8 22. Nf7+ Kc7 23. Bh6 Rgg8 24. Bf4+ Kb6 25. Ne5 Nxe5 26. Bxe5
Rg5 27. Bd4+ Bc5 28. Bf3 Rag8 29. Rac1 Bxd4 30. Rxd4 Bc6 31. Rf4 Kc7 32. g4 e5
33. Rf7+ Kd6 34. h4 Rxg4+ 35. Bxg4 Rxg4+ 36. Kh3 Rb4 37. Rg7 Bd7+ 38. Kg3 Rxb2
39. h5 Rxa2 40. h6 Ra3+ 41. Kg2 Bh3+ 42. Kf2 Bf5 1/2-1/2

[Event "EUR-ch U14 w"]
[Site "Batumi GEO"]
[Date "2014.10.24"]
[Round "6"]
[White "Skaslien, Maria"]
[Black "Guluzada, Narmin Yalchin Q"]
[Result "0-1"]
[WhiteElo "1460"]
[BlackElo "1381"]
[PlyCount "110"]
[EventDate "2014.10.19"]
[EventType "swiss"]
[EventRounds "9"]
[EventCountry "CAN"]
[Source "Chessbase"]
[SourceDate "2015.02.06"]

1. e4 c6 2. Nc3 d5 3. d4 dxe4 4. Nxe4 Bf5 5. Ng3 Bg6 6. Nf3 e6 7. Bf4 Nd7 8.
Bd3 Bxd3 9. Qxd3 c5 10. dxc5 Bxc5 11. O-O Ngf6 12. Rad1 O-O 13. Qb3 Qb6 14.
Qxb6 Nxb6 15. Be5 Nfd5 16. Nh5 g6 17. Nf6+ Nxf6 18. Bxf6 Nd5 19. Bd4 Rac8 20.
c3 Rfd8 21. Rd2 h5 22. Rfd1 Nb6 23. Bxc5 Rxd2 24. Rxd2 Rxc5 25. Rd8+ Kg7 26.
Rb8 Rc7 27. Kf1 Na4 28. Nd4 a6 29. Nb3 Nxb2 30. Na5 Na4 31. Rxb7 Rxb7 32. Nxb7
Nxc3 33. Nc5 a5 34. a4 Nd5 35. Nb3 Nb6 36. Nxa5 Nxa4 37. Ke2 Kf6 38. Nb3 Ke5
39. Ke3 Nc3 40. f4+ Kf5 41. Kf3 e5 42. fxe5 Kxe5 43. Nc5 g5 44. h3 Nd5 45. g4
h4 46. Nd7+ Kd4 47. Nf8 Nf4 48. Nh7 Nxh3 49. Kg2 Nf4+ 50. Kh2 Ne6 51. Kh3 Ke5
52. Kh2 Kf4 53. Kh3 Kf3 54. Nxg5+ Nxg5+ 55. Kxh4 Kf4 0-1

[Event "EUR-ch U14 w"]
[Site "Batumi GEO"]
[Date "2014.10.24"]
[Round "6"]
[White "Stanciu, Andreea Briana"]
[Black "Maksimovic, Masa"]
[Result "1-0"]
[WhiteElo "1993"]
[BlackElo "1679"]
[PlyCount "49"]
[EventDate "2014.10.19"]
[EventType "swiss"]
[EventRounds "9"]
[EventCountry "CAN"]
[Source "Chessbase"]
[SourceDate "2015.02.06"]

1. e4 c5 2. Nf3 e6 3. d4 cxd4 4. Nxd4 Nf6 5. Nc3 d6 6. Be2 a6 7. Be3 Be7 8. O-O
O-O 9. f4 Nc6 10. Kh1 Qc7 11. Qe1 b5 12. a3 Bb7 13. Qg3 Rfd8 14. Rae1 Bf8 15.
Nxc6 Bxc6 16. Bd3 Nd7 17. Bd4 Nc5 18. f5 Nxd3 19. Bxg7 f6 20. Bxf6+ Kf7 21.
fxe6+ Ke8 22. Bxd8 Rxd8 23. Rxf8+ Kxf8 24. Rf1+ Ke8 25. Qg8+ 1-0

[Event "EUR-ch U14 w"]
[Site "Batumi GEO"]
[Date "2014.10.24"]
[Round "6"]
[White "Stanimirovic, Ivana"]
[Black "Bespalova, Jana"]
[Result "0-1"]
[WhiteElo "1762"]
[BlackElo "1505"]
[PlyCount "30"]
[EventDate "2014.10.19"]
[EventType "swiss"]
[EventRounds "9"]
[EventCountry "CAN"]
[Source "Chessbase"]
[SourceDate "2015.02.06"]

1. d4 d5 2. c4 e6 3. Nc3 Nf6 4. Bg5 Nbd7 5. cxd5 exd5 6. Nxd5 Nxd5 7. Qc1 Bb4+
8. Kd1 Be7 9. Bd2 N7f6 10. Qc2 O-O 11. h4 Nb4 12. Bxb4 Bxb4 13. Qd3 Ng4 14. Nh3
Qxh4 15. f3 Qxh3 0-1

[Event "EUR-ch U14 w"]
[Site "Batumi GEO"]
[Date "2014.10.24"]
[Round "6"]
[White "Tsolakidou, Stavroula"]
[Black "Kazarian, Anna Maja"]
[Result "1-0"]
[WhiteElo "2305"]
[BlackElo "2108"]
[PlyCount "71"]
[EventDate "2014.10.19"]
[EventType "swiss"]
[EventRounds "9"]
[EventCountry "CAN"]
[Source "Chessbase"]
[SourceDate "2015.02.06"]

1. e4 e6 2. d4 d5 3. e5 c5 4. c3 Nc6 5. Nf3 Qb6 6. Be2 cxd4 7. cxd4 Nh6 8. Bd3
Bd7 9. Bc2 Nf5 10. Bxf5 exf5 11. Nc3 Be6 12. O-O Be7 13. Na4 Qd8 14. Ne1 Rc8
15. Kh1 b5 16. Nc3 Qb6 17. Ne2 g5 18. f4 g4 19. Be3 h5 20. Nd3 Nb4 21. Ne1 a5
22. a3 Na6 23. Nd3 Kd7 24. b4 axb4 25. axb4 Ra8 26. Nc5+ Bxc5 27. dxc5 Qb7 28.
Qb1 Nc7 29. Nd4 Rxa1 30. Qxa1 Qa6 31. c6+ Ke7 32. Qc3 Ra8 33. Qc5+ Ke8 34. Bf2
Qa7 35. Qxa7 Rxa7 36. Nxe6 1-0

[Event "EUR-ch U14 w"]
[Site "Batumi GEO"]
[Date "2014.10.24"]
[Round "6"]
[White "Tsomaia, Ekaterine"]
[Black "Nadzamova, Sofia"]
[Result "0-1"]
[WhiteElo "1500"]
[BlackElo "1734"]
[PlyCount "82"]
[EventDate "2014.10.19"]
[EventType "swiss"]
[EventRounds "9"]
[EventCountry "CAN"]
[Source "Chessbase"]
[SourceDate "2015.02.06"]

1. e4 c5 2. Nf3 Nc6 3. d4 cxd4 4. Nxd4 e5 5. Nb3 Nf6 6. Nc3 Bb4 7. Bg5 h6 8.
Bxf6 Bxc3+ 9. bxc3 Qxf6 10. Bb5 O-O 11. O-O b6 12. Qd2 a6 13. Bc4 Qg6 14. Qe3
Ne7 15. Rad1 b5 16. Be2 Rb8 17. h3 d6 18. Kh1 f5 19. Bf3 f4 20. Qd3 Rb6 21. c4
Be6 22. cxb5 axb5 23. Qc3 Bc4 24. Rfe1 Ra8 25. Ra1 Rba6 26. Qb2 Nc6 27. a3 Qf7
28. Red1 Bxb3 29. cxb3 Nd4 30. Rxd4 exd4 31. e5 dxe5 32. Bxa8 Rxa8 33. a4 Qd7
34. a5 b4 35. Qe2 Qd5 36. a6 d3 37. Qd1 Qd6 38. a7 Qd4 39. Ra4 e4 40. Ra2 Rxa7
41. Rxa7 Qxa7 0-1

[Event "EUR-ch U14 w"]
[Site "Batumi GEO"]
[Date "2014.10.24"]
[Round "6"]
[White "Urbanc, Ana"]
[Black "Parol, Pola"]
[Result "1/2-1/2"]
[WhiteElo "1554"]
[BlackElo "1775"]
[PlyCount "95"]
[EventDate "2014.10.19"]
[EventType "swiss"]
[EventRounds "9"]
[EventCountry "CAN"]
[Source "Chessbase"]
[SourceDate "2015.02.06"]

1. e4 c5 2. Nf3 Nc6 3. d4 cxd4 4. Nxd4 g6 5. Nc3 Bg7 6. Be3 Nf6 7. Be2 O-O 8.
O-O d6 9. Rb1 Bd7 10. f4 Nxd4 11. Bxd4 Bc6 12. Bf3 b5 13. Kh1 Nd7 14. Bxg7 Kxg7
15. a4 a6 16. Qd4+ Kg8 17. axb5 axb5 18. Be2 Qa5 19. b4 Qa6 20. Nd5 Bxd5 21.
Qxd5 Nf6 22. Qxb5 Qxb5 23. Bxb5 Nxe4 24. Bc6 Nd2 25. Bxa8 Nxb1 26. Rxb1 Rxa8
27. c4 Rc8 28. Rc1 Rb8 29. Rb1 Kg7 30. Kg1 Kf6 31. Kf2 g5 32. fxg5+ Kxg5 33.
Ke3 Kf5 34. Kd4 Ke6 35. Rb2 Kd7 36. c5 Rg8 37. h3 dxc5+ 38. Kxc5 Kc7 39. Ra2
Rg5+ 40. Kc4 Kb6 41. g4 Re5 42. Kd4 Re6 43. Rf2 Rd6+ 44. Kc4 Rc6+ 45. Kb3 Rh6
46. Rxf7 Rxh3+ 47. Ka4 e5 48. Re7 1/2-1/2

[Event "EUR-ch U14 w"]
[Site "Batumi GEO"]
[Date "2014.10.24"]
[Round "6"]
[White "Vavrinkova, Eliska"]
[Black "Ambrozova, Lucie"]
[Result "0-1"]
[WhiteElo "1495"]
[BlackElo "1725"]
[PlyCount "70"]
[EventDate "2014.10.19"]
[EventType "swiss"]
[EventRounds "9"]
[EventCountry "CAN"]
[Source "Chessbase"]
[SourceDate "2015.02.06"]

1. d4 d5 2. Nf3 Nf6 3. c4 e6 4. Nc3 Be7 5. cxd5 exd5 6. Bg5 O-O 7. h3 Nbd7 8.
e3 b6 9. Bd3 Bb7 10. O-O Ne4 11. Bf4 c5 12. Re1 Ndf6 13. Rc1 Rc8 14. a3 Re8 15.
Qe2 Bd6 16. Bxd6 Qxd6 17. Ba6 Qb8 18. Bxb7 Qxb7 19. Qd3 h6 20. Nd2 Re7 21.
Ndxe4 dxe4 22. Qd2 Rd7 23. Red1 cxd4 24. exd4 Rcd8 25. Qe3 b5 26. d5 Re8 27.
Rd4 Nxd5 28. Nxd5 Rxd5 29. Rxd5 Qxd5 30. Qxa7 Qe5 31. b4 Rd8 32. g3 Qf5 33. g4
Qf3 34. Qa5 Rd2 35. Rf1 e3 0-1

[Event "EUR-ch U14 w"]
[Site "Batumi GEO"]
[Date "2014.10.24"]
[Round "6"]
[White "Vrtiakova, Anna"]
[Black "Samchenko, Serafima"]
[Result "1-0"]
[WhiteElo "1966"]
[BlackElo "1637"]
[PlyCount "121"]
[EventDate "2014.10.19"]
[EventType "swiss"]
[EventRounds "9"]
[EventCountry "CAN"]
[Source "Chessbase"]
[SourceDate "2015.02.06"]

1. e4 e5 2. Nf3 Nc6 3. d4 exd4 4. Nxd4 Nf6 5. Nc3 Bb4 6. Nxc6 bxc6 7. Bd3 d5 8.
exd5 cxd5 9. O-O O-O 10. Bg5 c6 11. Na4 Be7 12. Re1 h6 13. Bh4 Bg4 14. Qd2 Qc7
15. Bg3 Bd6 16. Bxd6 Qxd6 17. c4 Rad8 18. c5 Qc7 19. h3 Be6 20. b4 Nh5 21. Nc3
Qf4 22. Qxf4 Nxf4 23. Ba6 d4 24. Ne4 Bd5 25. Bf1 Bxe4 26. Rxe4 Ne6 27. Rd1 Rfe8
28. Bc4 d3 29. Rxd3 Rxd3 30. Bxd3 Rd8 31. Ba6 Kf8 32. Bb7 Rd1+ 33. Kh2 Nd8 34.
Ba6 Ne6 35. Bc4 Nd8 36. Kg3 Rd2 37. Kf3 Nb7 38. Ba6 Nd8 39. Re2 Rd4 40. Rb2 Ne6
41. Ke3 Rd1 42. Be2 Rd5 43. Bf3 Re5+ 44. Kd3 Nd8 45. Kc4 a6 46. Rb3 Re7 47. Rd3
Ke8 48. Re3 Kd7 49. Rxe7+ Kxe7 50. Kc3 Kd7 51. Be2 Ne6 52. Bxa6 Nf4 53. Bf1
Nd5+ 54. Kc4 f5 55. a4 g5 56. b5 g4 57. hxg4 fxg4 58. g3 h5 59. bxc6+ Kxc6 60.
Bg2 h4 61. Bxd5+ 1-0

[Event "EUR-ch U14 w"]
[Site "Batumi GEO"]
[Date "2014.10.24"]
[Round "6"]
[White "Vukanic, Emilija"]
[Black "Gredka, Dominika"]
[Result "1/2-1/2"]
[WhiteElo "1358"]
[BlackElo "1419"]
[PlyCount "95"]
[EventDate "2014.10.19"]
[EventType "swiss"]
[EventRounds "9"]
[EventCountry "CAN"]
[Source "Chessbase"]
[SourceDate "2015.02.06"]

1. d4 d5 2. c4 e6 3. Nc3 Nf6 4. Bg5 Be7 5. e3 O-O 6. Nf3 Nbd7 7. cxd5 exd5 8.
Bd3 c6 9. O-O Re8 10. Qc2 Nf8 11. Rae1 Ng6 12. e4 dxe4 13. Nxe4 Nxe4 14. Bxe7
Rxe7 15. Rxe4 Rxe4 16. Bxe4 Bg4 17. Qb3 Qe7 18. Qe3 Qc7 19. Re1 Re8 20. Qc3 Qd7
21. Re3 Nf4 22. Ne5 Rxe5 23. dxe5 Ne2+ 24. Rxe2 Bxe2 25. Qc2 Qd1+ 26. Qxd1 Bxd1
27. Kf1 g6 28. Ke1 Bg4 29. Kd2 h5 30. Kd3 Be6 31. a3 Kf8 32. Kd4 Ke8 33. Kc5
Kd7 34. f4 b6+ 35. Kd4 c5+ 36. Kc3 b5 37. g3 Kc7 38. Bf3 Kb6 39. Be2 a5 40. Bf3
b4+ 41. Kd2 c4 42. Bd1 Kc5 43. Ke3 Bf5 44. axb4+ axb4 45. b3 c3 46. Be2 Be6 47.
Bd1 Bd5 48. Bc2 1/2-1/2

[Event "EUR-ch U14 w"]
[Site "Batumi GEO"]
[Date "2014.10.26"]
[Round "7"]
[White "Aksoy, Ayca"]
[Black "Afonasieva, Anna"]
[Result "0-1"]
[WhiteElo "1778"]
[BlackElo "1956"]
[PlyCount "106"]
[EventDate "2014.10.19"]
[EventType "swiss"]
[EventRounds "9"]
[EventCountry "CAN"]
[Source "Chessbase"]
[SourceDate "2015.02.06"]

1. Nf3 d5 2. d4 Nf6 3. c4 c6 4. Nc3 dxc4 5. a4 Bf5 6. e3 e6 7. Bxc4 Bb4 8. O-O
O-O 9. Qe2 Nbd7 10. e4 Bg6 11. Bd3 Qa5 12. e5 Nd5 13. Ne4 Ne7 14. Nh4 Rfd8 15.
Nxg6 Nxg6 16. Ng5 Ndf8 17. Be3 c5 18. Qf3 Rd7 19. Bb5 Re7 20. Qe4 a6 21. Bc4
Rc8 22. d5 exd5 23. Bxd5 Qc7 24. f4 Nh8 25. Rad1 h6 26. Nf3 Nd7 27. Nh4 Nf6 28.
Qf3 Nxd5 29. Qxd5 Ree8 30. Nf5 c4 31. Qd7 Ng6 32. Qd5 Rcd8 33. Nd6 Re6 34. f5
Rxe5 35. Qxf7+ Qxf7 36. Nxf7 Rxd1 37. Rxd1 Kxf7 38. fxg6+ Kxg6 39. Bf2 Ra5 40.
Rd7 Rxa4 41. Bd4 b5 42. Rxg7+ Kf5 43. Rf7+ Ke4 44. Bg7 Bd2 45. Rf3 b4 46. Kf2
Ra5 47. g3 Rc5 48. Bf8 Rc6 49. Bg7 c3 50. bxc3 bxc3 51. Bf8 c2 52. Ba3 c1=Q 53.
Bxc1 Bxc1 0-1